The economic aspects of the history of the civilization of Japan; Vol.3

সংরক্ষণ করুন:
গ্রন্থ-পঞ্জীর বিবরন
প্রধান লেখক: Takekoshi, Yosoburo
বিন্যাস: গ্রন্থ
ভাষা:Undetermined
প্রকাশিত: New York The Macmillan Company 1967
বিষয়গুলি:
ট্যাগগুলো: ট্যাগ যুক্ত করুন
কোনো ট্যাগ নেই, প্রথমজন হিসাবে ট্যাগ করুন!
Thư viện lưu trữ: Trung tâm Học liệu Trường Đại học Cần Thơ
LEADER 00542nam a2200193Ia 4500
001 CTU_86352
008 210402s9999 xx 000 0 und d
082 |a 952 
082 |b T136/Vol.3 
100 |a Takekoshi, Yosoburo 
245 4 |a The economic aspects of the history of the civilization of Japan; Vol.3 
245 0 |c Yosoburo Takekoshi 
260 |a New York 
260 |b The Macmillan Company 
260 |c 1967 
650 |a Japan 
650 |x History 
904 |i Năm 
980 |a Trung tâm Học liệu Trường Đại học Cần Thơ